000 00420nam a2200181Ia 4500
008 230711s9999||||xx |||||||||||||| ||und||
020 _a978-81-312-0738-3
041 _aENG
082 _a621.042
_bMU-E
100 _aMurphy,WR
245 0 _aEnergy management
250 _a1st Ed.
260 _c2007
_aNew Delhi
_bElsevier
300 _a374p.
650 _aElectrical Engineering
700 _aMcKay,G
942 _cBK
999 _c6303
_d6303